000 01472cad a22002415a 4500
001 E146804
008 090302e20090227xxkd f s 000 0 eng d
035 _a(Sirsi) u146804
041 0 _aeng
050 0 4 _a333.33 $2 18
110 2 _aRoyal Institution of Chartered Surveyors
_bEconomics
_95033
245 0 0 _aRICS global real estate weekly
_b27 February 2009
_h[electronic resource]
260 _aLondon
_bRICS
_c2009
490 0 _aRICS Global Real Estate Weekly
_v27 February 2009
520 _aThe South Korean property market is showing decline in all sectors, with lettings demand for business space falling and rents also expected to fall. In Germany, residential building activity has fallen, with residential permit issuance declining by 17% in November alone, to the lowest level on record. In the US residential property sector the outlook is still bleak, with existing home sales falling 5.3% in January, sending prices to a six year low. In the UK housing market, buyer interest has increased, however the lack of availability of mortgage finance and fear of unemployment may dampen interest.
590 _aKA
650 2 4 _aRICS GLOBAL REAL ESTATE WEEKLY
651 4 _aInternational
690 _aBUILT ENVIRONMENT-CONSTRUCTION MARKET
690 _aPROPERTY-COMMERCIAL PROPERTY-COMMERCIAL PROPERTY MARKET
856 4 0 _uhttps://www.rics.org/site/scripts/download_info.aspx?downloadID=1161
_zView this item free of charge at www.rics.org...
942 _n0
999 _c109300
_d109300